| 000 | 00686nam a22002057a 4500 | ||
|---|---|---|---|
| 999 |
_c13575 _d13575 |
||
| 003 | AR-CdUCM | ||
| 008 | 190415b ||||| |||| 00| 0 spa d | ||
| 040 |
_aMUNICIPALIDAD PROVINCIAL DEL CUSCO _cBIBLIOTECA MUNICIPAL DEL CUSCO |
||
| 082 |
_a618.12 / _bP26 |
||
| 110 |
_aEquipo santuario de quillabamba _932036 |
||
| 245 | _aLa parteria Andina en las comunidades de Grau / | ||
| 260 |
_aCusco : _bSantuario de quillabamba _c1985 |
||
| 300 | _c28 cm | ||
| 500 | _aLibro sin numeración | ||
| 505 | _aContenido :Parto --Problemas del recién nacido --Puerperio técnicas / | ||
| 650 |
_aParto _924974 |
||
| 650 |
_aTecnicas _9975 |
||
| 942 |
_2ddc _cLIBROS |
||
| 945 |
_arjall _d2019-04-15 |
||